| 000 | 01005nam a2200277 a 4500 | ||
|---|---|---|---|
| 001 | 000006698 | ||
| 003 | OSt | ||
| 005 | 20201012113929.0 | ||
| 008 | 090902s1997 dr a 000 0 spa d | ||
| 040 |
_aDO-SdBNP _bspa _cDO-SdBNP |
||
| 082 |
_a005.43 _bH558c |
||
| 100 | 1 |
_aHernández, Omar E. _918653 |
|
| 245 | 1 | 0 |
_aClic a clic, navegando... Microsoft windows 95 / _cOmar E. Hernández, Henry A. Mena Guzmán ; prólogo Zaheer Ahmed. |
| 260 |
_aSan Francisco de Macorís, República Dominicana : _fWinsoft computer, _c1997. |
||
| 300 |
_a327 p. : _bil. ; _c27 cm. |
||
| 490 | 1 | _aSeri WSC | |
| 504 | _aIncluye bibliografía (p. 328) | ||
| 590 | _aInventariado, 2020/VM | ||
| 650 | 4 |
_a Windows 95 (Sistema operacional para computador) _918654 _vManuales |
|
| 650 | 7 |
_aMicrosoft windows 95 (programa para computador) _9102 _2Lemb _vManuales |
|
| 700 | 1 |
_aMena Guzmán, Henry A. _918655 |
|
| 700 | 1 |
_aAhmed, Zaheer, _epról. _918656 |
|
| 830 | 0 |
_aSeri WSC _918657 |
|
| 942 |
_2ddc _cLF1 |
||
| 956 | _aVMateo | ||
| 999 |
_c6487 _d6487 |
||